| 000 | 01003nam a2200301 a 4500 | ||
|---|---|---|---|
| 001 | 36354 | ||
| 003 | BD-RjUL | ||
| 005 | 20211209052456.0 | ||
| 008 | 140622s1989 cou b 001 0 eng | ||
| 020 | _a0813304954 (alk. paper) | ||
| 020 | _a0813304962 (pbk. : alk. paper) | ||
| 035 | _a(BD-RjUL)36451 | ||
| 040 |
_aDLC _cDLC _dDLC _dBD-RjUL _beng |
||
| 041 | _aeng | ||
| 082 | 0 | 0 |
_a320.973 _219 _bREM 1989 |
| 245 | 0 | 0 |
_aRemaking American politics / _cedited by Richard A. Harris, Sidney M. Milkis. |
| 260 |
_aBoulder : _bWestview Press, _c1989. |
||
| 300 |
_ax, 334 p. ; _c24 cm. |
||
| 504 | _aIncludes bibliographies and index. | ||
| 650 | 0 |
_aPolitical participation _zUnited States. _9106034 |
|
| 651 | 0 |
_aUnited States _xPolitics and government _y1945-1989. _9110637 |
|
| 700 | 1 |
_aHarris, Richard A., _d1951- _9110638 |
|
| 700 | 1 |
_aMilkis, Sidney M. _9110639 |
|
| 942 |
_2ddc _cBK |
||
| 999 |
_c36354 _d36354 |
||